| 000 | 01132pam a2200349 a 4500 | ||
|---|---|---|---|
| 999 |
_c9903 _d9903 |
||
| 001 | 9903 | ||
| 003 | BD-JhCC | ||
| 005 | 20180403122902.0 | ||
| 008 | 180403s1989 nyua b 000 0 eng | ||
| 020 |
_a0394382617 : _c$20.00 |
||
| 035 | _a(BD-JhCC)9903 | ||
| 040 |
_aDLC _cDLC _dDLC _dBD-JhCC |
||
| 041 | _aeng | ||
| 050 | 0 | 0 |
_aU263 _b.N72 1989 |
| 082 | 0 | 0 |
_a355/.0217 _219 _bNUC 1989 |
| 245 | 0 | 4 |
_aThe Nuclear age reader / _cedited by Jeffrey Porro with Paul Doty, Carl Kaysen, and Jack Ruina. |
| 250 | _a1st ed. | ||
| 260 |
_aNew York : _bKnopf : _bDistributed by Random House, _cc1989. |
||
| 300 |
_axvi, 541 p. : _bill. ; _c28 cm. |
||
| 500 | _a"To accompany the PBS series War and peace in the nuclear age"--Cover. | ||
| 500 | _a"An Annenberg/CPB Project." | ||
| 504 | _aIncludes bibliographies. | ||
| 650 | 0 | _aNuclear weapons. | |
| 650 | 0 | _aNuclear warfare. | |
| 650 | 0 |
_aWorld politics _y1945-1989. |
|
| 650 | 0 | _aNuclear arms control. | |
| 650 | 0 | _aAntinuclear movement. | |
| 700 | 1 | _aPorro, Jeffrey D. | |
| 730 | 0 | _aWar and peace in the nuclear age (Television program) | |
| 942 |
_2ddc _cBK |
||